<?xml version="1.0" encoding="UTF-8"?><?xml-stylesheet type="text/xsl" href="static/style.xsl"?><OAI-PMH xmlns="http://www.openarchives.org/OAI/2.0/" xmlns:xsi="http://www.w3.org/2001/XMLSchema-instance" xsi:schemaLocation="http://www.openarchives.org/OAI/2.0/ http://www.openarchives.org/OAI/2.0/OAI-PMH.xsd"><responseDate>2026-06-01T20:46:57Z</responseDate><request verb="GetRecord" identifier="oai:riuma.uma.es:10630/8286" metadataPrefix="marc">https://riuma.uma.es/rest/oai/request</request><GetRecord><record><header><identifier>oai:riuma.uma.es:10630/8286</identifier><datestamp>2026-02-03T12:27:42Z</datestamp><setSpec>com_10630_2254</setSpec><setSpec>col_10630_37959</setSpec></header><metadata><record xmlns="http://www.loc.gov/MARC21/slim" xmlns:dcterms="http://purl.org/dc/terms/" xmlns:doc="http://www.lyncode.com/xoai" xmlns:xsi="http://www.w3.org/2001/XMLSchema-instance" xsi:schemaLocation="http://www.loc.gov/MARC21/slim http://www.loc.gov/standards/marcxml/schema/MARC21slim.xsd">
   <leader>00925njm 22002777a 4500</leader>
   <datafield ind2=" " ind1=" " tag="042">
      <subfield code="a">dc</subfield>
   </datafield>
   <datafield ind2=" " ind1=" " tag="720">
      <subfield code="a">Alonso-Bardón, Rafael</subfield>
      <subfield code="e">author</subfield>
   </datafield>
   <datafield ind2=" " ind1=" " tag="720">
      <subfield code="a">Luque-Ruiz, David</subfield>
      <subfield code="e">author</subfield>
   </datafield>
   <datafield ind2=" " ind1=" " tag="720">
      <subfield code="a">López-Gutiérrez, Francisco José</subfield>
      <subfield code="e">author</subfield>
   </datafield>
   <datafield ind2=" " ind1=" " tag="260">
      <subfield code="c">2014-10-22</subfield>
   </datafield>
   <datafield ind2=" " ind1=" " tag="520">
      <subfield code="a">Much of the research in human contingency learning has tried to dissociate associative and inferential processes. One feature that has been regarded as relevant for these dissociations is the &#xd;
time available to process the cue. A brief presentation of the cue may facilitate the activation of associative processes whereas a long one may favor the activation of inferential processes. The two experiments reported here used a two-phase task. In Phase 1, four different cue-outcome relationships were programmed. In Phase 2, two of these relationships were changed. Participants knew about some of these changes through verbal instructions. The effect of these instructions was measured during Phase 2 in two groups that differed in the time available to process the cue, either 250 or 1500 ms. The results showed that the control of performance produced by verbal instructions differed depending on the time available to process the cue. Only in the 1500 ms group, the verbal instructions were able to affect what it had been learnt during Phase 1. Thus, the results are consistent with the hypothesis that a brief presentation of the cue during Phase 2 facilitates the activation of associative processes</subfield>
   </datafield>
   <datafield ind1="8" ind2=" " tag="024">
      <subfield code="a">http://hdl.handle.net/10630/8286</subfield>
   </datafield>
   <datafield tag="653" ind2=" " ind1=" ">
      <subfield code="a">Psicología del aprendizaje</subfield>
   </datafield>
   <datafield ind2="0" ind1="0" tag="245">
      <subfield code="a">The effect of verbal instructions in contingency learning depends on the time available to process the cue: evidence in favor of associative models</subfield>
   </datafield>
</record>
</metadata></record></GetRecord></OAI-PMH>